| 000 | 00442nam a2200157Ia 4500 | ||
|---|---|---|---|
| 999 |
_c23671 _d23671 |
||
| 003 | OSt | ||
| 005 | 20210105125657.0 | ||
| 008 | 190216s9999||||xx |||||||||||||| ||und|| | ||
| 040 | _coclc | ||
| 082 |
_a500 _bAMM/N |
||
| 100 |
_aAmmunhi, K B _98043 |
||
| 245 | 0 |
_aNithya Jeevithathile Sasthram / _cK B Ammunhi |
|
| 260 |
_bCurrent Books, _aTrissur: _c1963. |
||
| 300 | _a84p | ||
| 942 |
_cBK _2ddc _h500 _iAMM/N _k500 _mAMM/N |
||